LEADER 01161nam 2200325Ia 450 001 996390499203316 005 20221107142617.0 035 $a(CKB)1000000000651451 035 $a(EEBO)2240872404 035 $a(OCoLC)53981662 035 $a(EXLCZ)991000000000651451 100 $a20040106d1682 uy 0 101 0 $aeng 135 $aurbn||||a|bb| 200 12$aA sermon preached by the learned Mr Alexander Henderson$b[electronic resource] $ebefore the sitting down of the General Assembly, begun the 12 of August 1639 210 $a[S.l. $cs.n.]$dPrinted in the year 1683 215 $a[2], 3-16 p 300 $aHeadpiece; initial letter. 300 $aImperfect: stained, tightly bound with slight loss of text. 300 $aReproduction of the original in the National Library of Scotland. 330 $aeebo-0097 606 $aSermons, English$zScotland$y17th century 615 0$aSermons, English 700 $aHenderson$b Alexander$f1583?-1646.$01003757 801 0$bEAE 801 1$bEAE 906 $aBOOK 912 $a996390499203316 996 $aA sermon preached by the learned Mr Alexander Henderson$92418355 997 $aUNISA LEADER 01162nam0 2200289 450 001 000004693 005 20230303091540.0 010 $a88-348-0686-7 100 $a20030519d2000----km-y0itay50------ba 101 0 $aita 102 $aIT 200 1 $a<>copertura dei rischi$eun'analisi economico-aziendale della prassi internazionale di hedge accounting$fRaffaele Fiume 210 $aTorino$cGiappichelli$d2000 215 $aXV, 225 p.$d24 cm 225 2 $aCollana di studi aziendali$fdiretta da Gennaro Ferrara$iSezione Studi e ricerche$v8 410 0$12001$aCollana di studi aziendali$fdiretta da Gennaro Ferrara$iSezione Studi e ricerche$v8 500 10$a<>copertura dei rischi$938508 610 1 $aStrumenti finanziari derivati$aContabilità 610 1 $aImprese$aCapitale di rischio 676 $a658.155$v22$9Amministrazione finanziaria. Gestione delle entrate e delle uscite 700 1$aFiume,$bRaffaele$0147736 801 0$aIT$bUNIPARTHENOPE$gREICAT$2UNIMARC 912 $a000004693 951 $a658-C/29$b35845$cNAVA1$d20030519 951 $aPARTH-FIU/1$b41944$cNAVA1$d2017 996 $aCopertura dei rischi$938508 997 $aUNIPARTHENOPE LEADER 00911nam0-2200313 --450 001 9910846096003321 005 20240424105133.0 010 $a978-88-6898-195-2 020 $aIT$b2020-10472 100 $a20240424d2019----kmuy0itay5050 ba 101 1 $aita$cger 102 $aIT 105 $ay 001yy 200 1 $a<>gnosi$fChristoph Markschies$gedizione italiana a cura di Cosima Campagnolo 210 $aTorino$cClaudiana$d2019 215 $a171 p.$d20 cm 225 1 $aPiccola collana moderna$v166 320 $aContiene bibl. (pp. 155-166) 610 0 $aGnosticismo 676 $a299.932$v23$zita 700 1$aMarkschies,$bChristoph Johannes$01735522 702 1$aCampagnolo,$bCosima 801 0$aIT$bUNINA$gREICAT$2UNIMARC 901 $aBK 912 $a9910846096003321 952 $aCOLLEZ. 3302 (166)$b1010/2024$fFSPBC 959 $aFSPBC 996 $aGnosi$94154732 997 $aUNINA